Crónica de los pasos a través de la vuelta : (Registro nro. 7147)

Detalles MARC
000 -LIDER
fixed length control field 00717nam a2200229 a 4500
001 - NÚMERO DE CONTROL
Identificador de número de control 000028946
003 - IDENTIFICACDOR DE NÚMERO DE CONTROL
control field 000028946
005 - DATE AND TIME OF LATEST TRANSACTION
control field 20170927130656.0
008 - ELEMENTOS DE LONGITUD FIJA
fixed length control field 110412t1995 dr 001 p spa d
040 ## - FUENTE DE CATALOGACIÓN
Agencia que crea de manera original el registro BPMSU
Idioma de catalogación spa
Agencia que realiza la transcripción BPMSU
092 ## - LOCALLY ASSIGNED DEWEY DECIMAL CALL NUMBER
Número de clasificación RD861.44
Número de ítem (Cutter) S619c
100 1# - ASIENTO PRINCIPAL -- NOMBRE PERSONAL
Nombre personal Siris, José,
Fechas asociadas con el nombre 1959-
245 10 - MENCIÓN DE TITULO
Título Crónica de los pasos a través de la vuelta :
Subtítulo (poemas) /
Mención de responsabilidad José Siris.
260 ## - PUBLICACIÓN, DISTRIBUCIÓN, ETC. (PIE DE IMPRENTA)
Lugar de publicación, distribución, etc Santo Domingo :
Nombre del editor, distribuidor, etc. Globo Publicidad,
Fecha de publicación, distribución, etc 1995.
300 ## - DESCRIPCIÓN FÍSICA
Extensión 60 p. ;
Dimensiones 22 cm.
650 #4 - ENCABEZAMIENTO DE MATERIA--TEMÁTICO
Término temático o nombre geográfico como elemento de entrada POESÍA DOMINICANA
650 #4 - ENCABEZAMIENTO DE MATERIA--TEMÁTICO
Término temático o nombre geográfico como elemento de entrada LITERATURA DOMINICANA
910 ## - VALIDACIÓN
Validación Validado. Control de calidad EMS.
942 ## - ADDED ENTRY ELEMENTS (KOHA)
Source of classification or shelving scheme Dewey Decimal Classification
Koha item type Mapas
945 ## - INFORMACIÓN DE PROCESAMIENTO LOCAL
Información de procesamiento local Título remanejado para BNPHU / 2017 VM
956 ## - LOCAL ELECTRONIC LOCATION AND ACCESS (OCLC)
Nombre de host VMATEO
Número de acceso 10
Información de compresión 20150923
Inicio de sesión BPMSU
Procesador de solicitud 0069
Existencias
Withdrawn status Lost status Source of classification or shelving scheme Damaged status Not for loan Collection code Home library Current library Date acquired Total Checkouts Full call number Barcode Date last seen Price effective from Koha item type Copy number
    Dewey Decimal Classification       Biblioteca Pública Metropolitana Salomé Ureña Biblioteca Pública Metropolitana Salomé Ureña 07/14/2014   RD861.44 S619c BPMSU15040562 07/14/2014 07/14/2014 Mapas  
    Dewey Decimal Classification       Biblioteca Pública Metropolitana Salomé Ureña Biblioteca Pública Metropolitana Salomé Ureña 07/14/2014   RD861.44 S619c BPMSU15040563 07/14/2014 07/14/2014 Mapas ej. 2